Opera Music (Record no. 22944)

MARC details
000 -LEADER
fixed length control field 00483nam a22001817a 4500
003 - CONTROL NUMBER IDENTIFIER
control field OSt
005 - DATE AND TIME OF LATEST TRANSACTION
control field 20260522170554.0
008 - FIXED-LENGTH DATA ELEMENTS--GENERAL INFORMATION
fixed length control field 260522b |||||||| |||| 00| 0 eng d
020 ## - INTERNATIONAL STANDARD BOOK NUMBER
International Standard Book Number 9781583415689
040 ## - CATALOGING SOURCE
Transcribing agency chuka University Library
050 ## - LIBRARY OF CONGRESS CALL NUMBER
Classification number ML 1700 .R54 2008
100 ## - MAIN ENTRY--PERSONAL NAME
Personal name Riggs, Kate
9 (RLIN) 26587
245 ## - TITLE STATEMENT
Title Opera Music
260 ## - PUBLICATION, DISTRIBUTION, ETC.
Place of publication, distribution, etc. Minnesota
Name of publisher, distributor, etc. Creative Education
Date of publication, distribution, etc. 2008
300 ## - PHYSICAL DESCRIPTION
Extent 24p
Other physical details Coloured Illustrations
650 ## - SUBJECT ADDED ENTRY--TOPICAL TERM
Topical term or geographic name entry element Opera-Juvenile
9 (RLIN) 26588
942 ## - ADDED ENTRY ELEMENTS (KOHA)
Source of classification or shelving scheme Library of Congress Classification
Koha item type Long Loan Books
Suppress in OPAC No
Holdings
Withdrawn status Lost status Source of classification or shelving scheme Damaged status Not for loan Collection Home library Current library Shelving location Date acquired Total Checkouts Full call number Barcode Date last seen Cost, replacement price Price effective from Koha item type
    Library of Congress Classification     General Collection Books Main Campus Library Main Campus Library General Stacks 22/05/2026   ML 1700 .R54 2008 32323/2026 22/05/2026 8128.43 22/05/2026 Long Loan Books

Powered by Koha